Advanced topics in computational number theory
Αποθηκεύτηκε σε:
| Κύριος συγγραφέας: | |
|---|---|
| Μορφή: | Βιβλίο |
| Γλώσσα: | English |
| Δημοσίευση: |
New York :
Springer,
c2000
|
| Σειρά: | Graduate texts in mathematics ;
; 193 |
| Θέματα: | |
| Ετικέτες: |
Προσθήκη ετικέτας
Δεν υπάρχουν, Καταχωρήστε ετικέτα πρώτοι!
|
MARC
| LEADER | 00000nam a2200000 i 4500 | ||
|---|---|---|---|
| 001 | 1/37133 | ||
| 008 | 030623s2000 eng d | ||
| 020 | |a 0-387-98727-4 | ||
| 035 | |l 10070200 | ||
| 040 | |a GR-MY-UA |b gre |e aacr | ||
| 041 | 0 | |a eng | |
| 082 | 0 | |a 512.70285 | |
| 100 | 1 | |a Cohen, Henri. | |
| 245 | 1 | 0 | |a Advanced topics in computational number theory / |c Henri Cohen |
| 260 | |a New York : |b Springer, |c c2000 | ||
| 300 | |a xv, 578 p.; |c 25 cm. | ||
| 490 | 1 | |a Graduate texts in mathematics |v ; 193 | |
| 504 | |a Includes bibliographical references and indexes | ||
| 650 | 0 | 0 | |a Number theory |x Data processing. |
| 830 | 0 | |a Graduate texts in mathematics ; |v ; 193 | |
| 852 | |a INST |b SAMOS |e 20030623 |h 512.70285 COH |p 005300024096 |q 005300024096 |t BK |y 0 | ||
| 901 | |a BIBL3-2003-2 | ||
| 909 | |a Σ |b 104382 | ||
| 922 | |a 3ΕΛΗ |b 200210 |c ΕΠΕΑΕΚ2/ΤΜΗΜΑ ΜΑΘΗΜΑΤΙΚΩΝ |d ΠΑΠΑΣΩΤΗΡΙΟΥ ΑΕ & ΕΛΕΥΘΕΡΟΥΔΑΚΗΣ ΑΕ | ||
| 950 | |a 116-2002-10-02 | ||
| 970 | |a ΚΟΣΙΕΡΗΣ |b ΧΡΗΣΤΟΣ |z 2003/06/27 | ||